Schließe die Champions-League-Trophäe ab - Statistiken

Allgemein
  • Dieses Quiz wurde 953 mal gespielt
  • Das Durchschnittsergebnis liegt bei 16 aus 22
Antworten auf der Karte
Die Antworten werden auf der Karte rot bzw. grün angezeigt, abhängig davon wie oft sie richtig erraten wurden.
 
Antwortstatistiken
Club Title(s) Runners-up % Korrekt
FC Bayern München 6 5
99%
Real Madrid 14 3
99%
FC Barcelona 5 3
97%
FC Liverpool 6 4
95%
AC Mailand 7 4
94%
Inter Mailand 3 2
93%
Manchester United 3 2
92%
FC Chelsea 2 1
88%
Juventus Turin 2 7
85%
Ajax Amsterdam 4 2
82%
Borussia Dortmund 1 1
81%
FC Porto 2 0
80%
Hamburger SV 1 1
73%
Benfica Lissabon 2 5
67%
Olympique Marseille 1 1
66%
Roter Stern Belgrad 1 0
54%
Nottingham Forest 2 0
53%
Aston Villa 1 0
52%
PSV Eindhoven 1 0
52%
FCSB Bukarest 1 1
51%
Celtic Glasgow 1 1
50%
Feyenoord Rotterdam 1 0
40%
Keine übereinstimmenden Quizze gefunden
Verteilung der Resultate
Anzahl Personen mit jedem Resultat
Perzentil nach korrekt beantworteten Fragen
Ihre Resultats-Entwicklung
Sie haben dieses Quiz noch nicht gespielt